| 000 | 00830nam a22002177a 4500 | ||
|---|---|---|---|
| 001 | 76219 | ||
| 003 | BD-RjUL | ||
| 005 | 20211209082818.0 | ||
| 008 | 191113s2000 bg ||||| |||| 00| 0 ben d | ||
| 035 | _a(BD-RjUL)76440 | ||
| 040 |
_aBD-RjUL _beng _cBD-RjUL |
||
| 041 | _aeng | ||
| 082 |
_223 _a954.9205 _bHAB 2000 |
||
| 100 |
_aহাননান, মোহাম্মদ _9234834 |
||
| 245 |
_aবাংলাদেশের রাজনৈতিক ইতিহাস (১৯৯০-১৯৯৯) / _cমোহাম্মদ হাননান |
||
| 260 |
_aঢাকা : _bমাওলা ব্রাদার্স, _c২০০০ |
||
| 300 |
_a১০৬৮ পৃ. ; _c২২ সেমি. |
||
| 650 |
_aPolitics and government _9234835 |
||
| 651 |
_aBangladesh _xPolitics and government _y1971- _9234836 |
||
| 942 |
_2ddc _cBK |
||
| 999 |
_c76219 _d76219 |
||